Bentuk pengajaran perbendaharaan kata semasa mengajar membaca dalam tiga bilik darjah /
Saved in:
| Main Author: | |
|---|---|
| Format: | Thesis Book |
| Language: | Malay |
| Published: |
2000.
|
| Tags: |
Add Tag
No Tags, Be the first to tag this record!
|
| LEADER | 00906cam a2200229 a 4500 | ||
|---|---|---|---|
| 001 | u477207 | ||
| 003 | SIRSI | ||
| 008 | 960110s2000 my t 00 10 may m | ||
| 035 | |a ACO-2088 | ||
| 040 | |a UMM | ||
| 090 | |a LB7 |b UM 2000 Ahma | ||
| 100 | 0 | 0 | |a Ahmad Asmaran. |
| 245 | 1 | 0 | |a Bentuk pengajaran perbendaharaan kata semasa mengajar membaca dalam tiga bilik darjah / |c Ahmad Asmaran. |
| 260 | |c 2000. | ||
| 300 | |a vi, 84 leaves [append.] : |b ill. ; |c 29 cm. | ||
| 502 | |a Dissertation (M.Ed.) -- Fakulti Pendidikan, Universiti Malaya, 2000. | ||
| 504 | |a Bibliography :leaves 82-84. | ||
| 710 | 2 | 0 | |a Universiti Malaya. |b Fakulti Pendidikan. |
| 948 | |a 24/02/2001 |b 06/06/2002 | ||
| 596 | |a 1 8 | ||
| 999 | |a LB7 UM 2000 AHMA |w LC |c 1 |i A510142455 |d 15/6/2016 |e 15/6/2016 |l STACKS |m P01UTAMA |n 12 |r Y |s Y |t TESIS |u 2/8/2001 | ||
| 999 | |a LB7 UM 2000 AHMA |w LC |c 1 |i A506708816 |f 25/8/2020 |g 1 |l STACKS |m P08PENDIDI |r Y |s Y |t TESIS |u 28/2/2001 |1 AHSS | ||
